Сензорното възпитание по метода на М. Монтесори (Запис номер 31163)
[ съкратено ]
| 000 -Лидер | |
|---|---|
| Лидер | 02326nam a2200445 a 4500 |
| 003 - Код на организацията, давaща контролен номер | |
| Код на организацията, даваща контролен номер | BLK |
| 005 - Дата и час на последна редакция | |
| Дата и час на последна редакция | 20241202143432.0 |
| 008 - Елементи от данни с фиксирана дължина | |
| Елементи с фиксирана дължина | 180407b bul|||||r ||||||| ||bul|| |
| 010 ## - Наследен системен номер | |
| LC control number | KNG00033808000 |
| 020 ## - Международен стандартен номер на книга ISBN | |
| ISBN | 954-731-074-7 |
| 040 ## - Източник на каталожния запис | |
| Код на библиотеката | BLK |
| 041 ## - Код за език | |
| Език | Български |
| Език за КДБФ | Български |
| 080 ## - УДК | |
| УДК текст | Системи на възпитание и образование. Методи и принципи на отделни теории и системи |
| УДК код | 37.022 |
| УДК – код + определител | 37.022 |
| 9 (RLIN) | 234560 |
| 080 ## - УДК | |
| УДК текст | Психология на детската възраст. Интелектуално развитие на децата. Психически особености. Детски представи, описани в разкази |
| УДК код | 159.922.7 |
| УДК – определител | .072 |
| УДК – код + определител | 159.922.7.072 |
| 080 ## - УДК | |
| УДК текст | Съдържание, учебна програма, учебни предмети в предучилищното образование |
| УДК код | 373.2.016 |
| УДК – код + определител | 373.2.016 |
| 9 (RLIN) | 396394 |
| 100 ## - Редна дума - Автор | |
| Автор | Георгиева, Елена Кръстева |
| R(LIN) | 243814 |
| Години, свързани с автора | 1942 - |
| Биография на автора | Педагог |
| 245 10 - Сведения за заглавието | |
| Заглавие | Сензорното възпитание по метода на М. Монтесори |
| Подзаглавни данни | Теор.-прил. пособие за предучилищна възраст |
| Авторска отговорност | Елена Георгиева, Ели Драголова. |
| 257 ## - Страна на издаване | |
| Страна на създаване/издаване | България |
| 260 ## - Област на издателските данни | |
| Място на издаване | Бургас |
| Име на издателя | Димант |
| Година на издаване | 2000 |
| Печатница | Ямбол : Светлина |
| 300 ## - Физическа характеристика | |
| Брой страници | 48 с. |
| Илюстрации | с ил. |
| Размер | 22 см |
| 380 ## - Жанр | |
| Жанр | Обществени науки |
| 504 ## - Забележка за наличие на библиография и др | |
| Библиография | под линия. |
| 650 #4 - Допълнително описание по предмет – тема | |
| Предметна рубрика | Предучилищно възпитание |
| 9 (RLIN) | 241578 |
| 650 #4 - Допълнително описание по предмет – тема | |
| Предметна рубрика | Детска и педагогическа психология |
| 9 (RLIN) | 244538 |
| 650 #4 - Допълнително описание по предмет – тема | |
| Предметна рубрика | Психотехника |
| 9 (RLIN) | 168425 |
| 653 ## - Ключова дума – ненормативна | |
| Ключови думи | детска психология |
| 653 ## - Ключова дума – ненормативна | |
| Ключови думи | възпитание |
| 653 ## - Ключова дума – ненормативна | |
| Ключови думи | психотехника |
| 653 ## - Ключова дума – ненормативна | |
| Ключови думи | метод на М. Монтесори |
| 653 ## - Ключова дума – ненормативна | |
| Ключови думи | педагогика |
| 700 ## - Други автори (авторска отговорност) | |
| Друг автор | Драголова, Ели Георгиева |
| 9 (RLIN) | 255283 |
| Пълното име на др. автор | Георгиева-Драголова, Ели Георгиева |
| 852 ## - Местоположение | |
| Сигнатура (форматна) | Цб 206138 |
| 852 ## - Местоположение | |
| Отдел | Заемна - подръчен фонд |
| Систематично-азбучна сигнатура | 37.02/Г 37 Е |
| 856 4# - Електронен адрес и достъп | |
| Електронен формат | pdf - файл |
| 856 4# - Електронен адрес и достъп | |
| Електронен формат | pdf - файл |
| 942 ## - АРТИКУЛИ | |
| Вид на библиотечния документ | Книги |
| Скрит в OPAC | Не |
| Koha issues (borrowed), all copies | 2 |
| 944 ## - СЪЗДАВАНЕ И РЕДАКЦИЯ на ЗАПИСА | |
| Създаване/Редакция | Създаване |
| Дата на регистрацията/редакция | 15.01.2003 |
| Служител, извършил регистрацията/редакцията | 30542 |
| Номер на служител | Русанова Ирена |
| 944 ## - СЪЗДАВАНЕ И РЕДАКЦИЯ на ЗАПИСА | |
| Създаване/Редакция | Редакция |
| Дата на регистрацията/редакция | 2024-03-20 |
| Служител, извършил регистрацията/редакцията | ГГГ |
| 999 ## - СИСТЕМНИ КОНТРОЛНИ НОМЕРА | |
| Koha biblionumber | 31163 |
| Koha biblioitemnumber | 31163 |
| Код за отписване | Код за изгубен артикул | Източник на класификационната схема | Код за повреда | Коз за рестрикции | Код за отдаване | Артикулен № | Име на библиотеката - собственик | Име на библиотеката, в която се намира в момента | Статус (Текущо местоположение) | Дата на вписване в системата | Местоположение - отдел | Цена в лева | Инвентарен номер | Систематично азбучна сигнатура | Баркод | Номер на екземпляра | Цена в евро | Служебен тип на артикула |
|---|---|---|---|---|---|---|---|---|---|---|---|---|---|---|---|---|---|---|
| Не е изгубен | Universal Decimal Classification | Не е повреден | без рестрикции | ползва се в читалня | 49752 | Регионална библиотека "Любен Каравелов" Русе | Регионална библиотека "Любен Каравелов" Русе | Хранилище | 2001-01-01 | Хранилище | 1.90 | 659684 | Цб 206138 | 120000659684 | 1 | 0.97 | Книги | |
| Не е изгубен | Universal Decimal Classification | Не е повреден | заемане за дома | 941642 | Регионална библиотека "Любен Каравелов" Русе | Регионална библиотека "Любен Каравелов" Русе | Заемна - подръчен фонд | 2024-03-20 | Заемна - подръчен фонд | 1.90 | 120000900670 | 37.02/Г 37 Е | 120000900670 | 0.97 | Книги |